| 000 | 01085nam a2200277 i 4500 | ||
|---|---|---|---|
| 003 | EG-ScBUE | ||
| 005 | 20231010105148.0 | ||
| 008 | 110817s2005 ua f b00 000 0 ara d | ||
| 017 | _a2005 / 10119 | ||
| 020 | _a9770196045 | ||
| 040 |
_aEG-ScBUE _bara _erda _cEG-ScBUE _dEG-ScBUE |
||
| 082 | 0 | 4 |
_222 _a892.78609 _bغ ن ي |
| 100 | 1 |
_926778 _aعبد الغني، مصطفى، _eمؤلف. |
|
| 245 | 1 | 2 |
_aالمفكر والأمير طه حسين والسلطة في مصر 1919-1973 / _cتأليف د. مصطفى عبد الغني. |
| 264 | 1 |
_aالقاهرة : _bالهيئة المصرية العامة للكتاب، _c[2005] |
|
| 300 |
_a612 صفحة ؛ _c24 سم |
||
| 336 |
_2rdacontent _aنص _btxt |
||
| 337 |
_2rdamedia _aبدون وسيط _bn |
||
| 338 |
_2rdacarrier _aمجلد _bnc |
||
| 490 | 0 | _aمكتبة الأسرة | |
| 504 | _aيشتمل على إرجاعات ببليوجرافية. | ||
| 600 | 1 | 7 |
_aحسين، طه، _d1889-1973. _2BUEsh |
| 650 | 7 |
_926777 _aالأدباء المصريون _vتراجم. _2BUEsh |
|
| 655 | _vReading book | ||
| 942 |
_2ddc _cBB |
||
| 999 |
_c15861 _d15861 |
||